Taching Motor skills to Children with Cerebral Palsy and similar movement disorder: a guide for parents and professionals (Record no. 5325)

MARC details
000 -LEADER
fixed length control field 00668nam a22002057a 4500
003 - CONTROL NUMBER IDENTIFIER
control field OSt
005 - DATE AND TIME OF LATEST TRANSACTION
control field 20161007191949.0
008 - FIXED-LENGTH DATA ELEMENTS--GENERAL INFORMATION
fixed length control field 161007b xxu||||| |||| 00| 0 eng d
020 ## - INTERNATIONAL STANDARD BOOK NUMBER
International Standard Book Number 9781890627720
040 ## - CATALOGING SOURCE
Transcribing agency DMLN
082 ## - DEWEY DECIMAL CLASSIFICATION NUMBER
Classification number WS342 M363t 2006
100 ## - MAIN ENTRY--PERSONAL NAME
Personal name Martin, Sieglinde
9 (RLIN) 11162
245 ## - TITLE STATEMENT
Title Taching Motor skills to Children with Cerebral Palsy and similar movement disorder: a guide for parents and professionals
260 ## - PUBLICATION, DISTRIBUTION, ETC. (IMPRINT)
Place of publication, distribution, etc. United States; Woodbine house, 2006
300 ## - PHYSICAL DESCRIPTION
Extent xviii,237p; ill: 28cm
504 ## - BIBLIOGRAPHY, ETC. NOTE
Bibliography, etc Appendix, references, & index included
650 ## - SUBJECT ADDED ENTRY--TOPICAL TERM
Topical term or geographic name as entry element Cerebral Palsy-children
9 (RLIN) 11163
650 ## - SUBJECT ADDED ENTRY--TOPICAL TERM
Topical term or geographic name as entry element Motor skills
9 (RLIN) 11164
942 ## - ADDED ENTRY ELEMENTS (KOHA)
Source of classification or shelving scheme Other/Generic Classification Scheme
Koha item type Book Bank
Holdings
Withdrawn status Lost status Source of classification or shelving scheme Damaged status Not for loan Home library Current library Date acquired Source of acquisition Inventory number Total Checkouts Full call number Barcode Date last seen Koha item type
    Other/Generic Classification Scheme     MUST Main Library MUST Main Library 07/10/2016   16/39786   WS342 M363t 2006 2016-4669 07/10/2016 Book Bank
    Other/Generic Classification Scheme     MUST Main Library MUST Main Library 07/10/2016   16/39787   WS342 M363t 2006 2016-4670 07/10/2016 Book Bank
    Other/Generic Classification Scheme     MUST Main Library MUST Main Library 07/10/2016   16/39788   WS342 M363t 2006 2016-4671 07/10/2016 Book Bank
    Other/Generic Classification Scheme     MUST Main Library MUST Main Library 07/10/2016   16/39789   WS342 M363t 2006 2016-4672 07/10/2016 Book Bank
    Other/Generic Classification Scheme     MUST Main Library MUST Main Library 15/08/2018 Purchase 17/40604   WS342 M363t 2006 2018-0287 15/08/2018 Open Shelf